13 Habits of highly intelligent people - Statistics

General Stats
  • This quiz has been taken 5 times
  • The average score is 2 of 13
Answer Stats
Answer % Correct
1 Curiousity
100%
2 Self Awareness
50%
4 Humility
25%
13 Adaptability
0%
3 Critical thinking
0%
9 Daydreaming
0%
8 Effective communication
0%
5 Learning through observation
0%
12 Listening skills
0%
11 Messy workspaces
0%
7 Open mindedness
0%
6 Self reliance
0%
10 Talking to themselves
0%
No matching quizzes found
Score Distribution
Percent of People with Each Score
Percentile by Number Answered
Your Score History
You have not taken this quiz